ბათუმის შოთა რუსთაველის სახელმწიფო უნივერსიტეტის ბიბლიოთეკა

Государственная служба : (ბიბ.ჩანაწერი № 36009)

000 -LEADER
fixed length control field 00722nam a2200229Ia 4500
001 - CONTROL NUMBER
control field 1908
003 - CONTROL NUMBER IDENTIFIER
control field GE_BSU
005 - DATE AND TIME OF LATEST TRANSACTION
control field 20221010151008.0
008 - FIXED-LENGTH DATA ELEMENTS--GENERAL INFORMATION
fixed length control field 181216s2007ru xx |||||||||||||| ||rus||
020 ## - INTERNATIONAL STANDARD BOOK NUMBER
International Standard Book Number 5965900287
040 ## - CATALOGING SOURCE
Transcribing agency GE_BSU
041 ## - LANGUAGE CODE
Language code of text/sound track or separate title rus
080 ## - UNIVERSAL DECIMAL CLASSIFICATION NUMBER
Universal Decimal Classification number 342(075.8) Д-30
100 ## - MAIN ENTRY--PERSONAL NAME
Personal name Демин,А.А.
9 (RLIN) 15197
245 ## - TITLE STATEMENT
Title Государственная служба :
Remainder of title Учебное пособие /
Statement of responsibility, etc. А.А. Демин.
264 ## - PRODUCTION, PUBLICATION, DISTRIBUTION, MANUFACTURE, AND COPYRIGHT NOTICE
Place of production, publication, distribution, manufacture Москва :
Name of producer, publisher, distributor, manufacturer Книгодел,
Date of production, publication, distribution, manufacture, or copyright notice 2007.
300 ## - PHYSICAL DESCRIPTION
Extent 124 с.:
Other physical details 19 см.
653 ## - INDEX TERM--UNCONTROLLED
keyword Государственная служба.
653 ## - INDEX TERM--UNCONTROLLED
keyword Საჯარო სამსახური.
653 ## - INDEX TERM--UNCONTROLLED
keyword სამართალი
942 ## - ADDED ENTRY ELEMENTS (KOHA)
Koha item type წიგნი
Source of classification or shelving scheme
ეგზემპლარები
Withdrawn status Lost status Source of classification or shelving scheme Damaged status Not for loan Permanent Location Current Location Shelving location Date acquired Cost, normal purchase price Full call number Barcode Date last seen Copy number Price effective from Koha item type Public note
          ბათუმის შოთა რუსთაველის სახელმწიფო უნივერსიტეტის მთავარი ბიბლიოთეკა ბათუმის შოთა რუსთაველის სახელმწიფო უნივერსიტეტის მთავარი ბიბლიოთეკა წიგნსაცავი 2018-12-17 5.00 342(075.8) Д-30 3921 2018-12-17 3921 2018-12-17 წიგნი 5.00